Algebra para escuelas secundarias : tomo 1, matemática intuitiva /

Guardado en:
Autor Principal: Varsavsky, Oscar
Formato: Libro
Publicado: Buenos Aires : Eudeba, 1965
Edición:2a. ed.
Materias:
Etiquetas: Agregar Etiqueta
Sin Etiquetas, Sea el primero en etiquetar este registro!
LEADER 00971nam a22002535a 4500
001 CEM.cems006449
005 20060214000000.0
008 130507s1965##################000#0#####d
003 CEMS
082 0 4 |a 512 
100 1 |a Varsavsky, Oscar 
245 1 0 |a Algebra para escuelas secundarias :  |b tomo 1, matemática intuitiva / 
250 |a 2a. ed. 
260 |a Buenos Aires :  |b Eudeba,  |c 1965 
300 |a 183 p. 
505 0 |a Como es el metodo axiomatico; Numeros naturales; Sistemas naturales; Conjuntos finitos e infinitos; Multiplicación y potenciación de numeros; Operaciónes inversas; Numeros negativos y enteros; Numeros raciónales 
653 |a Algebra 
653 |a Funciones-graficos 
653 |a Imagen 
653 |a Matematica 
653 |a Rango 
859 |a CEMS  |b BIB. CEMS - 11 de abril  |h 512  |i V44a2/I  |p 3012.74  |t Ej.1 
859 |a CEMS  |b BIB. CEMS - 11 de abril  |h 512  |i V44a2/I  |p 3014.74  |t Ej.2 
859 |a CEMS  |b BIB. CEMS - 11 de abril  |h 512  |i V44a2/I  |p 3964.74  |t Ej.3